Catálogo

Al filo del agua / (Registro nro. 30997)

Detalles MARC
000 -LEADER
fixed length control field 01191cam a2200349 i 4500
001 - CONTROL NUMBER
control field 30997
003 - CONTROL NUMBER IDENTIFIER
control field Mx-PuUPA
005 - DATE AND TIME OF LATEST TRANSACTION
control field 20250806120423.0
008 - FIXED-LENGTH DATA ELEMENTS--GENERAL INFORMATION
fixed length control field 140415d2004 mx gr 001 f spa d
020 ## - INTERNATIONAL STANDARD BOOK NUMBER
International Standard Book Number 9700752526
040 ## - CATALOGING SOURCE
Original cataloging agency Mx-PuUPA
Transcribing agency Mx-PuUPA
Language of cataloging spa
Modifying agency Mx-PuUPA
Description conventions rda
041 0# - LANGUAGE CODE
Language code of text/sound track or separate title spa
043 ## - GEOGRAPHIC AREA CODE
Geographic area code n-mx---
100 1# - MAIN ENTRY--PERSONAL NAME
Personal name Yáñez, Agustín,
Dates associated with a name 1904-1980
9 (RLIN) 17363
Relator term autor
245 10 - TITLE STATEMENT
Title Al filo del agua /
Remainder of title Agustín Yañez ; prólogo de Antonio Castro Leal
250 ## - EDITION STATEMENT
Edition statement Vigésimosexta edición
264 #1 - PRODUCTION, PUBLICATION, DISTRIBUTION, MANUFACTURE, AND COPYRIGHT NOTICE
Place of production, publication, distribution, manufacture México, D.F. :
Name of producer, publisher, distributor, manufacturer Editorial Porrúa,
Date of production, publication, distribution, manufacture, or copyright notice ©2004
300 ## - PHYSICAL DESCRIPTION
Extent xvi, 387 páginas ;
Dimensions 19 cm
336 ## - CONTENT TYPE
Fuente rdacontent
Content type term texto
Content type code txt
337 ## - MEDIA TYPE
Source rdamedia
Media type term sin medio
Media type code n
338 ## - CARRIER TYPE
Source rdacarrier
Carrier type term volumen
Carrier type code nc
490 0# - SERIES STATEMENT
Series statement Colección de Escritores Mexicanos ;
Volume/sequential designation 72
600 14 - SUBJECT ADDED ENTRY--PERSONAL NAME
Personal name Yañez, Agustín,
Dates associated with a name 1904-1980
Form subdivision Crítica e interpretación
650 #7 - SUBJECT ADDED ENTRY--TOPICAL TERM
Source of heading or term armarc
Topical term or geographic name entry element Literatura
Chronological subdivision Siglo XX
Geographic subdivision México
650 #7 - SUBJECT ADDED ENTRY--TOPICAL TERM
Source of heading or term armarc
Topical term or geographic name entry element Novela mexicana
Chronological subdivision Siglo XX
655 #4 - INDEX TERM--GENRE/FORM
Genre/form data or focus term Novela mexicana
700 1# - ADDED ENTRY--PERSONAL NAME
Personal name Castro Leal, Antonio,
Relator term prologuista
942 ## - ADDED ENTRY ELEMENTS (KOHA)
Source of classification or shelving scheme Dewey Decimal Classification
Koha item type Libro
Classification part 863.6
Item part Y55
Existencias
Withdrawn status Lost status Source of classification or shelving scheme Damaged status Not for loan Collection code Home library Current library Shelving location Date acquired Source of acquisition Cost, normal purchase price Total Checkouts Full call number Barcode Date last seen Cost, replacement price Price effective from Koha item type
    Dewey Decimal Classification     General Biblioteca Karol Wojtyla Biblioteca Karol Wojtyla Sala general 03/12/2013 Donación 0.00   863.6 Y55 2004 61335 05/01/2026 0.00 03/12/2013 Libro